000
002960000a22001450004500
003
MACL
040
_a
MACL
090
_c
6375
_d
6374
100
_a
Justa, H R
245
_a
The Search for Beauty
260
_b
Ajanta publication
_c
1988
350
_a
60
650
_a
Philisophy
942
_c
BOOK
_k
100
999
_c
6327
_d
6327